|
|
|
|
| LEADER |
00000nab a2200000 ar4500 |
| 001 |
vtls010033493 |
| 003 |
SK-MaSNL |
| 005 |
20260303045446.0 |
| 008 |
091218c2009 xo mr|p|||||||000 b|slo |
| 015 |
|
|
|a SNBRB2009/12
|2 snkbucl
|
| 038 |
|
|
|a SNKBUCL
|
| 040 |
|
|
|a SNKBUCL
|b slo
|c SNKBUCL
|e AACR2
|
| 041 |
0 |
|
|a slo
|
| 044 |
|
|
|a xo
|c SK
|
| 080 |
|
|
|a 316.022.4(=162.4)(100):06.067
|2 1997
|
| 100 |
1 |
|
|a Bartalská, Ľubica,
|d 1943-2014
|4 aut
|9 106026
|
| 245 |
1 |
0 |
|a Poohliadnutie za Dňami Slovákov žijúcich v zahraničí 2009
|c Ľubica Bartalská
|
| 300 |
|
|
|b Fotogr.
|
| 611 |
2 |
7 |
|a Dni Slovákov žijúcich v zahraničí
|d (2009 :
|c Slovensko)
|2 snkbucl
|9 1035815
|
| 650 |
0 |
7 |
|a Slováci v zahraničí
|2 snkbucl
|9 14695
|
| 773 |
0 |
|
|t Slovenské zahraničie
|g Roč. XIII, č. 4 (2009), s. 2-3
|x 1335-4396
|
| 852 |
|
|
|a SNK
|b KIS3GCP
|
| 958 |
|
|
|a SK
|
| 999 |
|
|
|c 1703821
|d 1705751
|